000 00673nam a22001577a 4500
003 OSt
005 20151002153506.0
008 151002b xxu||||| |||| 00| 0 eng d
040 _cRUA
082 _aAGR TAC 2012 B050 Or.1
100 _91792
_aTAUCH, KOURUNN
245 _aSclerotium Rolfsii managementon mungbean in greenhouse conditions, វិធានការកម្ចាត់ផ្សិតក្លែរ៉ូទីញ៉ូម រូស្ស៊ី លើដំណាំសណ្តែកបាយ​ក្នុងលក្ខខណ្ឌផ្ទះកញ្ខក់
260 _aPhnom Penh
_bRUA
_c2012
300 _ax; 52p.
_bill.
_c29cm.
942 _2ddc
_cAGR
999 _c1692
_d1692